| 000 | 00874nam a2200265Ia 4500 | ||
|---|---|---|---|
| 003 | OSt | ||
| 005 | 20220923211645.0 | ||
| 006 | a|||||r|||| 00| 0 | ||
| 007 | ta | ||
| 008 | 220922b |||||||| |||| 00| 0 san d | ||
| 024 | _a40,359 | ||
| 037 | _cTextual | ||
| 040 |
_aARTS _cARTS _bsan |
||
| 041 |
_2san _asan |
||
| 082 | _aO15,1A1, 436N4 | ||
| 100 | _aमिश्र, राजेन्द्र | ||
| 245 | 0 | _aरामायण ककविन् | |
| 246 | _aRāmāyaṇ kakavin | ||
| 260 |
_aवाराणसी _b रिर्सच इंस्टीटयूट _c1994 |
||
| 300 |
_a660पृ0 _ccm. |
||
| 490 | _aVishvavidylalya Rajatjayanti granthamala( 21 | ||
| 650 | _aसंस्कृत साहित्य | ||
| 942 |
_hO15,1A1, 436N4 _cTEXL _2CC |
||
| 999 |
_c302250 _d302250 |
||